Córdoba del recuerdo /

Guardado en:
Autor Principal: Capdevila, Arturo
Formato: Libro
Publicado: Buenos Aires : Espasa Calpe, 1961
Edición:12a. ed.
Series:Colección Austral, No. 97
Materias:
Etiquetas: Agregar Etiqueta
Sin Etiquetas, Sea el primero en etiquetar este registro!
LEADER 00617nam a22002175a 4500
001 CEM.cems001409
005 20110304092813.0
008 130507s1961##################000#0#####d
003 CEMS
082 0 4 |a A863.4 
100 1 |a Capdevila, Arturo 
245 1 0 |a Córdoba del recuerdo /  |c Arturo Capdevila 
250 |a 12a. ed. 
260 |a Buenos Aires :  |b Espasa Calpe,  |c 1961 
300 |a 146 p. 
490 0 |a Colección Austral, No. 97 
653 |a Literatura 
653 |a Literatura argentina 
653 |a Novela argentina-siglo 20 
653 |a Novelas 
859 |a CEMS  |b BIB. CEMS - 11 de abril  |h A863.4  |i C17a12  |p 9440.81  |t Ej.1